Quo vadis Business intelligence?

Vývojové trendy pokročilých riešení Business intelligence sa dotýkajú jej funkcií, ktorými sú - perspektíva, previazanosť, procesná podpora a pokročilá prezentácia. Charakteristika jednotlivých funkcií Business intelligence.

Salvato in:
Dettagli Bibliografici
Autore principale: Houser, Václav
Natura: Capitolo di libro
Lingua:ceco
Soggetti:
Tags: Aggiungi Tag
Nessun Tag, puoi essere il primo ad aggiungerne!!

MARC

LEADER 00000naa$a2200000$$$4500
001 0113534
005 20231213140242.9
041 0 |a cze 
044 |a CZ 
245 1 0 |a Quo vadis Business intelligence?  |c Václav Houser 
520 |a Vývojové trendy pokročilých riešení Business intelligence sa dotýkajú jej funkcií, ktorými sú - perspektíva, previazanosť, procesná podpora a pokročilá prezentácia. Charakteristika jednotlivých funkcií Business intelligence. 
610 2 0 |a riadenie podnikové 
610 2 0 |a riadenie strategické 
610 2 0 |a riadenie procesné 
610 2 0 |a plánovanie 
100 1 |a Houser, Václav